000 00424nam a22001817a 4500
003 OSt
005 20250318150126.0
008 250318b |||||||| |||| 00| 0 eng d
020 _a9789393050052
082 _a8H3
_bMARA
100 _aMarfi, Joseph
245 _aAapke avchetan man ki sakti
260 _aGurugram
_b Lexicon Books
300 _a256p.
546 _aHindi
651 _aHindi Fiction
942 _2ddc
_cBK
999 _c3734
_d3734